000 00578nam a2200181Ia 4500
008 151202s9999||||xx |||||||||||||| ||und||
082 _bPNVM-74408
100 _aवाघ नितिन भरत.
245 _aव्हर्जिन.
260 _bनवता बुक वर्ल्ड मुंबई पूर्व.
260 _c74408
300 _a142
600 _aवाघ नितिन भरत.
630 _aव्हर्जिन.
700 _aवाघ नितिन भरत.
730 _aव्हर्जिन.
942 _cBOOK
999 _c1341069
_d1341066